000 00543nam a2200193Ia 4500
005 20260114185608.0
008 008 260114s9999 xx 000 0 eng d
020 _a9781788316446
037 _aEBOOK
040 _aCRL
_beng
_cCRL
041 _aeng
_2eng
084 _qCRL
100 _aMichael D. Barr
_9872012
245 0 _aSingapore A Modern History
260 _bBloomsbury
_c2018
856 _uhttps://doi.org/10.5040/9781788316446?locatt=label:secondary_bloomsburyCollections
942 _cEBOOK
999 _c1470960
_d1470960